Belice: nueva realidad de las Américas

Guardat en:
Dades bibliogràfiques
Autor corporatiu: Belice. Gobierno
Format: Text
Publicat: Belice: El Gobierno
Etiquetes: Afegir etiqueta
Sense etiquetes, Sigues el primer a etiquetar aquest registre!

MARC

LEADER 00000 a a2200000 04500
001 16513
003
040
090 |a 028700  
110 |a Belice. Gobierno  
245 |a Belice: nueva realidad de las Américas  
260 |a Belice:   |b El Gobierno  
300 |a 48 p.  
999 |c 12757  |d 12757